Statistics for U.S. Geographic Groups of Three

Click here to take the quiz!

General Stats

  • This quiz has been taken 86 times
    (75 since last reset)
  • The average score is 20 of 27

Answer Stats

Group Answer % Correct
Biggest citiesNew York City
99%
States that start with CColorado
97%
Biggest citiesLos Angeles
96%
States that start with CCalifornia
94%
States that start with CConnecticut
94%
Biggest citiesChicago
93%
States on Lake SuperiorMichigan
90%
States sharing Yellowstone N.P.Montana
88%
Oldest statesDelaware
87%
States on Lake SuperiorWisconsin
87%
States sharing Yellowstone N.P.Wyoming
87%
States sharing Yellowstone N.P.Idaho
85%
States on Lake SuperiorMinnesota
84%
Biggest cities of OhioCleveland
81%
Biggest cities of OhioColumbus
81%
Longest Mississippi River tributariesMissouri
78%
Biggest cities of OhioCincinnati
76%
Oldest statesNew Jersey
75%
Oldest statesPennsylvania
64%
State capitals that start with LLansing
63%
State capitals that start with LLittle Rock
58%
State capitals that start with LLincoln
55%
Longest Mississippi River tributariesArkansas
54%
National Parks of WashingtonMount Rainier
39%
National Parks of WashingtonOlympic
39%
Longest Mississippi River tributariesRed
36%
National Parks of WashingtonNorth Cascades
10%

Score Distribution

Percentile by Number Answered

Percent of People with Each Score

Your Score History

You have not taken this quiz since the last reset